Retrouve le personnage de One Piece grâce à un de ses faits d'armes - Statistiques

Statistiques générales
  • Ce quiz a été pris 111 fois
  • Le résultat moyen est 41 sur 51
Statistiques - réponses
Fait d'arme Personnage % Correct
A enduré toute la douleur de Luffy extraite par Kumasans mourir Roronoa Zoro
94%
A rallié le Homie de Big Mom Zeus à sa cause Nami
93%
A survécu à 3 Busters Call Nico Robin
93%
A déréglé le climat sur Punk Hazard suite à un combat,sur la partie froide de l'île Aokiji
91%
S'est confronté à l'équipage de Luffy en entier et les a séparégrâce à son pouvoir en les envoyant sur des îles différentes Bartolomew Kuma
91%
S'est fait passé pour Magellan à Impel Down pour permettreà Luffy de s'enfuir Bonclay
91%
S'est fait passé pour un héros à Alabasta alors qu'ilfaisait gonfler une révolution dans l'ombre Crocodile
91%
A vaincu Luffy en l'empoisonnant Magellan
91%
A ramené à la vie Oz, le géant antique Gecko Moria
90%
A arrêté la guerre au sommet à Marineford par sa seuleprésence Shanks
90%
A modifié le système des primes en offrant des primes pourdes Marines Baggy
89%
A été capable de rivaliser avec Roger en terme de puissancede combat Barbe-Blanche
89%
A fait s'introduire Luffy dans Impel Down Boa Hancock
89%
A volé deux Ponéglyphes à Big Mom Brook
89%
A trouvé un remède à une maladie réputée incurable propagéepar Queen sur Onigashima Chopper
89%
A contrôlé le marché des SMILE pendant des années Donquichotte Doflamingo
89%
S'est enfui de Marine Ford et a sauvé Luffy, puis l'a amené sur Amazon Lily Trafalgar D.Waterlaw
89%
Est allé sur Sabaody et a affronté seul plusieurs Supernova Kizaru
86%
A brûlé le drapeau du Gouvernement Mondial sur ordrede Luffy Usopp
86%
A tué Yorle, un des doyens des Géants, quand elle était enfant Big Mom
85%
A été le premier en 800 ans à atteindre la dernière ligne de Grand Line Gol D.Roger
85%
A combattu Xebec sur God Valley aux côtés de Roger Monkey D.Garp
85%
S'est rendu sur Marine Ford pour faire sonner 16 fois la clocheOx Bell Monkey D.Luffy
85%
A combattu en 1V1 Jinbe pendant plusieurs jours Portgas D.Ace
85%
Confronte Perospero pour venger Pedro, aux côtésde Wanda Carrot
84%
S'est infiltré dans Impel Down et a libéré des prisonniersdu dernier cercle Barbe-Noire
83%
A brûlé le drapeau de Shanks pour le remplacer parcelui de Luffy Bartolomeo
83%
A pu résisté au pouvoir de Big Mom grâce sa volonté inflexible Jinbe
81%
A sauvé Boa Hancock des griffes de Barbe-Noire Silvers Rayleigh
81%
A libéré des esclaves en s'infiltrant sur Marie-Joie il y a decela des années Fisher Tiger
80%
A sauvé les survivants de la destruction du Royaume deLulusia Sabo
80%
A pu retenir Big Mom et a failli la faire tomber à la mer en l'isolant de ses Homies Eustass Kid
79%
A vaincu Pizarro grâce à un Galaxy Impact Koby
77%
Est le premier personnage connu à s'être évadé d'Impel Down Shiki
77%
A confronté Doflamingo pour protéger le bateau de son équipage Vinsmoke Sanji
77%
A introduit Luffy et ses amis au mariage de Sanji et Pudding Capone Gang Bege
75%
S'est infiltré à l'intérieur de l'Equipage de Kaido en tantqu'espion pour la Marine Drake
75%
A réussi à installer sur lui le rayon destructeur de Vegapunk Franky
75%
A réussi à créer un Fruit du Démon artificiel Vegapunk
74%
A retenu Kaido sans faiblir en l'affrontant en 1V1en attendant le retour de Luffy Yamato
74%
A pu neutraliser le souffle de feu de Kaido avec sa technique au sabre Kinemon
73%
A trahi le CPO pour aider Vegapunk à s'enfuir d'Egghead Stussy
73%
A sauvé les livres de la Bibliothèque d'Ohara après le Buster Call Haguar D.Sauro
72%
A refusé de livrer Raizo à Jack, même sous la torture Nekomamushi
70%
A provoqué un massacre au royaume de Rommel avec sa double identité maléfique Cavendish
68%
A réussi à s'infiltrer dans le Château de Pangée, après avoirpris l'apparence d'une reine d'un royaume Jewelry Bonney
68%
A libéré Ace de ses chaînes à Marine Ford grâce à son Fruit du Démon Galdino
67%
A trouvé la base de l'Armée Révolutionnaire à Baltigo Jesus Burgess
65%
S'est rendu sur Whole Cake Island et a vaincu Snack,un des 4 Généraux Sucrés Urouge
57%
S'est rendu sur Wano et a affronté seul les Fourreaux Rougeset Momonosuke Ryokugyu
54%
S'est octroyé l'identité de Luffy et de son équipage pour la gloire Demalo Black
53%
Aucun quiz correspondant
Distribution des résultats
% des personnes avec chaque résultat
Percentile par nombre de réponses
Votre historique - résultats
Vous n’avez pas pris ce quiz